Zmätky v pojmoch

Obchodná sieť vo všetkých hospodársky vyspelých krajinách je charakteristická mnohorakosťou foriem a početnosťou názvov, ktoré sa často prekrývajú a nie vždy vystihujú podstatu obchodnej jednotky. Zmätky v pojmoch hala a tržnica.Vysvetlenie pojmov podľa odborných slovníkov. Pojem hala je chápaná v r...

Ausführliche Beschreibung

Gespeichert in:
Bibliographische Detailangaben
1. Verfasser: Štensová, Martina
Format: Buchkapitel
Sprache:Slowakisch
Schlagworte:
Tags: Tag hinzufügen
Keine Tags, Fügen Sie das erste Tag hinzu!

MARC

LEADER 00000naa$a2200000$$$4500
001 0024685
005 20231108140709.8
041 0 |a slo 
044 |a SK 
245 1 0 |a Zmätky v pojmoch  |c Martina Štensová 
520 |a Obchodná sieť vo všetkých hospodársky vyspelých krajinách je charakteristická mnohorakosťou foriem a početnosťou názvov, ktoré sa často prekrývajú a nie vždy vystihujú podstatu obchodnej jednotky. Zmätky v pojmoch hala a tržnica.Vysvetlenie pojmov podľa odborných slovníkov. Pojem hala je chápaná v rámci stavebnej terminológie. Tržnica má jednoznačne charakter obchodný. 
610 2 0 |a obchod 
610 2 0 |a krajiny vyspelé 
610 2 0 |a terminológia 
610 2 0 |a pojmy 
610 2 0 |a tržnice 
100 1 |a Štensová, Martina